50 Flicks to Click (1989) Quiz Stats

 Plays Quiz Updated May 14, 2018

Challenge
Share
Tweet
Embed
Score 0/50 Timer 07:00
2 Plays Today
% Correct
Met
96.2%
Kids
95.9%
Kill
95.9%
Daisy
95.6%
Poets
95.5%
Right
94.9%
Talking
94.9%
Balls
94.8%
Crusade
94.7%
Dogs
94.1%
Sex
94%
Field
93.9%
Bernie's
93.5%
Hooch
93.1%
Kin
92.8%
Foot
92.5%
Excellent
92.2%
Magnolias
92.2%
Frontier
91.6%
Born
91.5%
Mermaid
90.8%
Pet
90.4%
Buck
89.7%
Lean
89.5%
Anything
88.3%
% Correct
Pink
88%
Roses
87.8%
Baker
87.1%
Christmas
86.7%
Misdemeanors
85.8%
Nights
84.9%
Lover
84.3%
Devil
84.2%
Cash
81.5%
Dead
81.1%
League
79.7%
Box
79%
Little
78.5%
Casualties
73.7%
Fat
73.6%
Henry
73.1%
Love
71.9%
Crumb
71.6%
Drugstore
68.7%
Road
67.5%
Quinn
66.5%
Kiki's
62.2%
Rain
58.1%
Miss
55.8%
Shirley
48%

You're not logged in!

Compare scores with friends on all Sporcle quizzes.
Join for Free
OR
Log In

You Might Also Like...

Show Comments

Extras

Top Quizzes Today


Score Distribution

Your Account Isn't Verified!

In order to create a playlist on Sporcle, you need to verify the email address you used during registration. Go to your Sporcle Settings to finish the process.

Report this User

Report this user for behavior that violates our Community Guidelines.

Details: